| 000 | 00556cam a2200229 4500 | ||
|---|---|---|---|
| 001 | J109858 | ||
| 008 | 000000n2000 000 0 eng u | ||
| 035 | _a(Sirsi) u109858 | ||
| 050 | _a333.337 | ||
| 110 |
_aDTZ Debenham Tie Leung _93985 |
||
| 245 | _aRORe UK regional offices research | ||
| 260 |
_aLondon _bDTZ _c2000 |
||
| 300 | _a20p. ; 30cm. | ||
| 650 | _aOFFICES | ||
| 650 | _aOFFICE SPACE | ||
| 650 | _aRENTS | ||
| 650 | _aINVESTMENT | ||
| 650 | _aYIELDS | ||
| 650 | _aTAKE-UP | ||
| 690 | _aPROPERTY-COMMERCIAL PROPERTY | ||
| 942 | _n0 | ||
| 999 |
_c101018 _d101018 |
||